Vývojová psychologie dětství a dospívání

Bibliographic Details
Main Author: Vágnerová, Marie, 1946- (Author)
Corporate Author: Univerzita Karlova (publ)
Format: Book
Language:Czech
PhysicalDescription:531 s. fotogr., grafy, ilustr. 22 cm
Published: Praha Karolinum 2012
ISBN:9788024621531
Edition:2. rozš. a přeprac. vyd.
Subjects:

MARC

LEADER 00000cam a2200000 a 4500
001 vtls010476406
003 SK-MaSNL
005 20260301174123.0
008 240314s2012 xr oa f 001 0 cze
020 |a 9788024621531  |q (viaz.) 
040 |a SNK  |b slo  |c SNK  |e AACR2 
041 0 |a cze 
044 |a xr  |c CZ 
072 7 |a 159.92  |x Vývinová psychológia. Psychológia osobnosti  |2 konspekt 
080 |a 159.922  |2 2001 
080 |a 159.922.72  |2 2001 
080 |a 159.922.8  |2 2001 
080 |a (048.8)  |2 2001 
080 |a 159.922.7  |2 2001 
100 1 |a Vágnerová, Marie,  |d 1946-  |4 aut  |9 234404 
245 1 0 |a Vývojová psychologie  |b dětství a dospívání  |c Marie Vágnerová 
246 3 0 |a Dětství a dospívání 
250 |a 2. rozš. a přeprac. vyd. 
260 |a Praha  |b Karolinum  |c 2012 
300 |a 531 s.  |b fotogr., grafy, ilustr.  |c 22 cm 
500 |a Vydala Univerzita Karlova v Prahe 
500 |a 2. dotlač 2. rozš. a preprac. vydania: 2017 
650 0 7 |a vývinová psychológia  |2 SNKPH  |9 780 
650 0 7 |a psychológia dieťaťa  |2 SNKPH  |9 1793 
650 0 7 |a psychológia adolescencie  |2 SNKPH  |9 254534 
650 0 7 |a Developmental psychology  |2 SNKPHeng  |9 286544 
650 0 7 |a Child psychology  |2 SNKPHeng  |9 275048 
650 0 7 |a Adiolescent psychology  |2 SNKPHeng  |9 546019 
650 0 7 |a vývoj dieťaťa  |2 SNKPH  |9 67528 
650 0 7 |a Child development  |2 SNK  |9 312623 
655 7 |a monografie  |2 SNKPHeng  |9 70139 
655 7 |a Monographs  |2 SNKPHeng  |9 120675 
710 2 |a Univerzita Karlova  |4 publ 
852 |a Štátna vedecká knižnica v Banskej Bystrici 
919 |a 978- 80-246-2153-1 
999 |c 838735  |d 840665 
952 |t snkVAG 159.92  |a SNKUST  |b SNKUST  |y PREZ  |7 0  |p 17A0810182  |o snkIC 140949  |i snk2013/27820  |8 3  |g 13.11  |0 0  |1 0  |4 0  |d 2013-11-15  |l 0  |r 2025-03-19 00:00:00  |w 2026-02-24